01016nas a2200277 4500001001000000003000900010005001700019007000300036008003400039040005400073041000900127072000800136100001500144100001700159245015800176650001000334650001400344650001800358650001200376650001200388773010400400909004000504942001800544999001900562952015700581BR0301471BR-BrBNA20231205103630.0ta230509b bl.|||p| |||| 00| 00por d aBR-BrBNAbporcBiblioteca Nacional de Agricultura a(Pt) aM121 aGraeff, A.1 aPruner, E.N.1 aEfeito da densidade de estocagem na produtividade final de carpas, Cyprinus carpio Linnaeus, 1758 (var specularis)na fase de engorda, período - inverno aCARPA aESTOCAGEM aPRODUTIVIDADE aENGORDA aINVERNO0 tCiência e Agrotecnologia (Brazil)xISSN 1413-7054g(Oct-Dec 1999), v. 23(4) p. 959-968wBR0301471 a202311bLúciac55dLúcia Elande 2AGRISn0cANA c173916d173916 002AGRIS4071a41918b41918cPeriódicos Agrícolash(Oct-Dec 1999), v. 23(4) p. 959-968l0r2023-11-29t01yCRePortaria Interministerial nº 164/94